Geography Multi-select #22 - Statistics

General Stats
  • This quiz has been taken 25 times
    10 since last reset
  • The average score is 71 of 90
Answer Stats
Question Tile Select % Correct
Bahamian cities and towns with a population over 8,000. Albert Town No
100%
Parisian landmarks. Arc de Triomphe Yes
100%
U.S. states with a capital city whose name begins with “T.” Arkansas No
100%
national capitals (of any type) of a sovereign state whose English language name begins with “P.” Asunción Yes
100%
capitals of a U.S. state whose name begins with “S.” Boston No
100%
sovereign states with at least one capital city whose name begins with “P.” Cambodia Yes
100%
countries with a coastline on the Yellow Sea. China Yes
100%
national capitals (of any type) of a sovereign state whose English language name begins with “P.” Damascus No
100%
countries with a coastline on the Gulf of Aden. Egypt No
100%
Parisian landmarks. Eiffel Tower Yes
100%
sovereign states with at least one capital city whose name begins with “P.” El Salvador No
100%
national capitals (of any type) of a sovereign state whose English language name begins with “P.” Funafuti No
100%
sovereign states with at least one capital city whose name begins with “P.” Georgia No
100%
capitals of a U.S. state whose name begins with “S.” Honolulu No
100%
countries with a coastline on the Yellow Sea. Indonesia No
100%
countries in which the Italian language has nationwide official or co-official status by law. Italy Yes
100%
countries with a coastline on the Gulf of Aden. Kenya No
100%
Parisian landmarks. Louvre Museum Yes
100%
countries with a coastline on the Yellow Sea. Malaysia No
100%
national capitals (of any type) of a sovereign state whose English language name begins with “P.” Mogadishu No
100%
U.S. states with a capital city whose name begins with “T.” Nevada No
100%
U.S. states with a capital city whose name begins with “T.” New Hampshire No
100%
sovereign states with at least one capital city whose name begins with “P.” Panama Yes
100%
national capitals (of any type) of a sovereign state whose English language name begins with “P.” Panama City Yes
100%
countries with a coastline on the Yellow Sea. Russia No
100%
countries in which the Italian language has nationwide official or co-official status by law. San Marino Yes
100%
national capitals (of any type) of a sovereign state whose English language name begins with “P.” São Tomé No
100%
countries in which the Italian language has nationwide official or co-official status by law. Somalia No
100%
countries with a coastline on the Gulf of Aden. Sudan No
100%
U.S. states with a capital city whose name begins with “T.” Texas No
100%
countries in which the Italian language has nationwide official or co-official status by law. Croatia No
89%
capitals of a U.S. state whose name begins with “S.” Denver No
89%
countries with a coastline on the Gulf of Aden. Djibouti Yes
89%
countries in which the Italian language has nationwide official or co-official status by law. Ethiopia No
89%
U.S. states with a capital city whose name begins with “T.” Florida Yes
89%
sovereign states with at least one capital city whose name begins with “P.” France Yes
89%
capitals of a U.S. state whose name begins with “S.” Helena No
89%
national capitals (of any type) of a sovereign state whose English language name begins with “P.” Islamabad Yes
89%
sovereign states with at least one capital city whose name begins with “P.” Kiribati No
89%
five of the highest GDP per capita countries of Africa (2022). Liberia No
89%
countries in which the Italian language has nationwide official or co-official status by law. Libya No
89%
U.S. states with a capital city whose name begins with “T.” Mississippi No
89%
capitals of a U.S. state whose name begins with “S.” Montgomery No
89%
Parisian landmarks. Mont-St-Michel Abbey No
89%
Bahamian cities and towns with a population over 8,000. Nassau Yes
89%
U.S. states with a capital city whose name begins with “T.” New Jersey Yes
89%
Parisian landmarks. Omaha Beach No
89%
U.S. states with a capital city whose name begins with “T.” Pennsylvania No
89%
countries with a coastline on the Yellow Sea. Philippines No
89%
Bahamian cities and towns with a population over 8,000. Pirates Well No
89%
capitals of a U.S. state whose name begins with “S.” Richmond No
89%
countries with a coastline on the Yellow Sea. South Korea Yes
89%
sovereign states with at least one capital city whose name begins with “P.” Suriname Yes
89%
countries in which the Italian language has nationwide official or co-official status by law. Switzerland Yes
89%
capitals of a U.S. state whose name begins with “S.” Topeka No
89%
countries with a coastline on the Gulf of Aden. Yemen Yes
89%
five of the highest GDP per capita countries of Africa (2022). Botswana Yes
78%
Bahamian cities and towns with a population over 8,000. Duncan Town No
78%
five of the highest GDP per capita countries of Africa (2022). Ivory Coast No
78%
U.S. states with a capital city whose name begins with “T.” Kansas Yes
78%
sovereign states with at least one capital city whose name begins with “P.” Montenegro Yes
78%
national capitals (of any type) of a sovereign state whose English language name begins with “P.” Ngerulmud Yes
78%
countries with a coastline on the Yellow Sea. North Korea Yes
78%
capitals of a U.S. state whose name begins with “S.” Pierre Yes
78%
countries in which the Italian language has nationwide official or co-official status by law. Slovenia No
78%
five of the highest GDP per capita countries of Africa (2022). Equatorial Guinea Yes
67%
Bahamian cities and towns with a population over 8,000. Freeport Yes
67%
five of the highest GDP per capita countries of Africa (2022). Mauritius Yes
67%
Parisian landmarks. Pont du Gard No
67%
national capitals (of any type) of a sovereign state whose English language name begins with “P.” Port Moresby Yes
67%
five of the highest GDP per capita countries of Africa (2022). Seychelles Yes
67%
countries with a coastline on the Yellow Sea. Taiwan No
67%
Parisian landmarks. Château de Versailles No
56%
capitals of a U.S. state whose name begins with “S.” Columbia Yes
56%
sovereign states with at least one capital city whose name begins with “P.” F. S. Micronesia Yes
56%
countries with a coastline on the Yellow Sea. Japan No
56%
Bahamian cities and towns with a population over 8,000. Port Nelson No
56%
countries with a coastline on the Gulf of Aden. Saudi Arabia No
56%
countries with a coastline on the Gulf of Aden. Somalia Yes
56%
Parisian landmarks. Basilica of the Sacré-Coeur Yes
44%
five of the highest GDP per capita countries of Africa (2022). Egypt No
44%
countries with a coastline on the Gulf of Aden. Oman No
44%
Bahamian cities and towns with a population over 8,000. Coopers Town Yes
22%
Bahamian cities and towns with a population over 8,000. West End Yes
22%
countries with a coastline on the Gulf of Aden. Eritrea No
11%
five of the highest GDP per capita countries of Africa (2022). Gabon Yes
11%
Bahamian cities and towns with a population over 8,000. Lucaya Yes
11%
Parisian landmarks. Père Lachaise Cemetery Yes
0%
five of the highest GDP per capita countries of Africa (2022). South Africa No
0%
countries in which the Italian language has nationwide official or co-official status by law. Vatican City No
0%
No matching quizzes found
Score Distribution
Percent of People with Each Score
Percentile by Number Answered
Your Score History
You have not taken this quiz since the last reset